| 000 | 00463 a2200157 4500 | ||
|---|---|---|---|
| 005 | 20250523153319.0 | ||
| 020 | _a0-07-037089-3 | ||
| 082 | _a658.7 DOB | ||
| 100 | _aDOBLER, D . W . | ||
| 245 | _aPurchasing and Supply Management: Text and Cases | ||
| 250 | _a6th Ed. | ||
| 260 |
_aNew - Delhi, _bTata McGraw-Hill, _c1996. |
||
| 300 |
_axv, 963p.: ill.; figure, table, _bbibliography, reference & index, _c23cm. |
||
| 700 | _aBURT, D . N . | ||
| 942 |
_2ddc _cBKS |
||
| 999 |
_c2585 _d2585 |
||